| 000 | 01198cam a2200289 a 4500 | ||
|---|---|---|---|
| 005 | 20200104041551.0 | ||
| 008 | 060829t 2005ck ad r 000 0 spa d | ||
| 020 | _a9588085608 | ||
| 040 |
_aCO-BoPUJ _cCO-BoIAVH _dCO-BoIAVH |
||
| 041 | 0 | _aspa | |
| 044 | _ack | ||
| 082 | 0 | 4 |
_a333.72 _bB63n |
| 100 | 1 |
_aBoada Ortíz, Alejandro _eautor |
|
| 245 | 1 | 0 |
_aNegocios y sostenibilidad _bmás allá de la gestión ambiental _cAlejandro Boada Ortiz, Simona Rocchi y Michael Kuhndt ; compiladora Clemencia Camacho Delgado ; editor Eduardo Norman Acevedo |
| 250 | _aPrimera edición | ||
| 260 |
_aBogotá, Colombia : _bEditorial Politécnico Grancolombiano, _cc2005. |
||
| 300 |
_a155 páginas : _bilustraciones, cuadros, diagramas, gráficas y tablas, _c24 x 16 cm. |
||
| 504 | _aIncluye referencias bibliográficas: páginas 147-155. | ||
| 650 | 2 | 6 | _aGestión ambiental |
| 650 | 2 | 6 | _aDesarrollo sostenible |
| 650 | 2 | 6 | _aEconomía medioambiental |
| 700 | 1 |
_aRocchi, Simona _eautora |
|
| 700 | 1 |
_aKuhndt, Michael _eautora |
|
| 700 | 1 |
_aCamacho Delgado, Clemencia _ecompiladora |
|
| 700 | 1 |
_aNorman Acevedo, Eduardo _eeditor |
|
| 942 |
_2ddc _cLIBRO |
||
| 999 |
_c4617 _d4617 |
||